[Event "Kostroma Volga Cup op"]
[Site "Kostroma"]
[Date "2009.07.??"]
[Round "1"]
[White "Kovalev, Evgeny I"]
[Black "Khobotova, Olesia"]
[Result "1/2-1/2"]
[WhiteElo "1846"]
[BlackElo "1950"]
[PlyCount "143"]
[EventDate "2009.07.03"]
[EventType "swiss"]
[EventRounds "9"]
[EventCountry "RUS"]
[SourceTitle "EXT 2021"]
[Source "ChessBase"]
[SourceDate "2020.10.23"]
[SourceVersion "1"]
[SourceVersionDate "2020.10.23"]
[SourceQuality "1"]

1. e4 d5 2. exd5 Qxd5 3. Nf3 Nf6 4. d4 Bg4 5. Be2 Nc6 6. c4 Qd6 7. d5 Bxf3 8. Bxf3 Ne5 9. Qa4+ Qd7 10. Qxd7+ Nfxd7 11. Be2 Nc5 12. 0-0 g6 13. Be3 Ne4 14. Bd4 Bg7 15. Kh1 0-0 16. f4 Nd7 17. Bxg7 Kxg7 18. Bd3 Ndc5 19. Bc2 a5 20. g3 Rfd8 21. Re1 f5 22. Nc3 Nxc3 23. bxc3 Kf7 24. Re5 Ra6 25. Rd1 Rb6 26. Rb1 Rxb1+ 27. Bxb1 Na4 28. Re3 Nb2 29. Bd3 Nd1 30. Rf3 e6 31. Bc2 Nb2 32. Re3 Nxc4 33. dxe6+ Ke7 34. Re2 Rd2 35. Rxd2 Nxd2 36. Kg2 Kxe6 37. Kf2 Kd5 38. Ke3 Ne4 39. Bb3+ Kc5 40. Kd3 b5 41. Kc2 Kd6 42. Bf7 c6 43. a3 Nf6 44. h3 Ke7 45. Bb3 Ne4 46. g4 fxg4 47. hxg4 Nf6 48. g5 Nh5 49. f5 gxf5 50. Bg8 f4 51. Bxh7 Kd6 52. Kd2 Kd5 53. Bg6 Ng7 54. Bd3 Ke5 55. Ke2 Ne6 56. g6 Kf6 57. Kf3 Nc5 58. Bc2 Ne6 59. Bd3 Kg5 60. Be4 c5 61. Bd3 c4 62. Be4 Kf6 63. Bc6 b4 64. axb4 axb4 65. cxb4 Nd4+ 66. Kxf4 Nxc6 67. Ke4 Kxg6 68. b5 Na5 69. b6 Kf6 70. Kd4 Ke6 71. b7 Nxb7 72. Kxc4 1/2-1/2

[Event "RUS-chB U14"]
[Site "Dagomys"]
[Date "2009.04.23"]
[Round "9"]
[White "Akhmentaev, Rinat"]
[Black "Kovalev, Evgeny I"]
[Result "1-0"]
[WhiteElo "1943"]
[BlackElo "2220"]
[PlyCount "61"]
[EventDate "2009.04.15"]
[EventType "swiss"]
[EventRounds "9"]
[EventCountry "RUS"]
[SourceTitle "EXT 2012"]
[Source "ChessBase"]
[SourceDate "2011.11.24"]
[SourceVersion "1"]
[SourceVersionDate "2011.11.24"]
[SourceQuality "1"]

1. d4 Nf6 2. c4 g6 3. Nc3 Bg7 4. e4 d6 5. f4 0-0 6. Bd3 e5 7. fxe5 dxe5 8. d5 c6 9. Nf3 Re8 10. Qe2 b5 11. 0-0 b4 12. Nd1 cxd5 13. cxd5 Bb7 14. Bg5 Nbd7 15. Ne3 h5 16. Nc4 Qb8 17. Ne3 a5 18. Rac1 Qa7 19. Nd2 Nh7 20. Bh4 Bh6 21. Bf2 Ba6 22. Nf5 Bxd3 23. Nxh6+ Kg7 24. Qxd3 Qa6 25. Qe3 Rh8 26. Rc6 Qb7 27. Nc4 f6 28. Nd6 Qb8 29. Nhf7 Rf8 30. Qh6+ Kg8 31. Qxg6# 1-0

[Event "Moscow op-B"]
[Site "Moscow"]
[Date "2009.02.03"]
[Round "4"]
[White "Kovalev, Evgeny I"]
[Black "Remizov, Alexander2222"]
[Result "1/2-1/2"]
[WhiteElo "1832"]
[BlackElo "2032"]
[PlyCount "57"]
[EventDate "2009.01.31"]
[EventType "swiss"]
[EventRounds "9"]
[EventCountry "RUS"]
[SourceTitle "EXT 2012"]
[Source "ChessBase"]
[SourceDate "2011.11.24"]
[SourceVersion "1"]
[SourceVersionDate "2011.11.24"]
[SourceQuality "1"]

1. e4 c5 2. Nf3 Nc6 3. d4 cxd4 4. Nxd4 e5 5. Nb5 a6 6. Nd6+ Bxd6 7. Qxd6 Qf6 8. Qxf6 Nxf6 9. Nc3 d5 10. Nxd5 Nxd5 11. exd5 Nb4 12. Bd3 f5 13. f3 Kf7 14. 0-0 Re8 15. Re1 b5 16. Bd2 Nxd5 17. c4 Nb6 18. cxb5 Rd8 19. Ba5 Rxd3 20. Bxb6 axb5 21. Rxe5 Rb8 22. Rxb5 Rd6 23. Bc7 Rxb5 24. Bxd6 Rxb2 25. a4 Ba6 26. a5 Ke6 27. Bc7 Rc2 28. Bb6 Rd2 29. Re1+ 1/2-1/2

[Event "Moscow op-B"]
[Site "Moscow"]
[Date "2009.02.01"]
[Round "2"]
[White "Kovalev, Evgeny I"]
[Black "Baskakov, Nikolay"]
[Result "1-0"]
[WhiteElo "1832"]
[BlackElo "2055"]
[PlyCount "111"]
[EventDate "2009.01.31"]
[EventType "swiss"]
[EventRounds "9"]
[EventCountry "RUS"]
[SourceTitle "EXT 2012"]
[Source "ChessBase"]
[SourceDate "2011.11.24"]
[SourceVersion "1"]
[SourceVersionDate "2011.11.24"]
[SourceQuality "1"]

1. e4 c5 2. Nf3 d6 3. d4 cxd4 4. Nxd4 Nf6 5. Nc3 a6 6. Bg5 e6 7. f4 Nbd7 8. Qf3 Qc7 9. 0-0-0 b5 10. g4 Be7 11. Bxf6 gxf6 12. f5 e5 13. Nd5 Qb7 14. Nb3 a5 15. Bxb5 a4 16. Nd2 Bd8 17. Nc4 0-0 18. Nxd6 Qb8 19. Nxc8 Qxb5 20. Nce7+ Kh8 21. Qa3 Re8 22. Nc3 Qb7 23. Ned5 Nb6 24. Nb5 Nc4 25. Qb4 Qc6 26. Na3 Rc8 27. Nxc4 Qxc4 28. Qxc4 Rxc4 29. Rhe1 Kg7 30. b3 axb3 31. axb3 Rc5 32. Kb2 Ba5 33. b4 Rb8 34. c3 Bd8 35. Ka3 Rc6 36. Kb3 Rbc8 37. Rc1 Rc4 38. Kc2 Rd4 39. Rcd1 Rdc4 40. Kd3 R4c6 41. Rc1 Rc4 42. Re2 Rd4+ 43. Kc2 Rcc4 44. Rce1 Rc8 45. Rd2 Rdc4 46. Kd3 R4c6 47. Ra1 Kh6 48. h4 Kg7 49. b5 Rc5 50. Rb2 Rb8 51. b6 h5 52. gxh5 Kh6 53. b7 Ba5 54. c4 Kxh5 55. Nxf6+ Kxh4 56. Nd7 1-0